<?xml version="1.0" encoding="UTF-8"?>
<record
    xmlns:xsi="http://www.w3.org/2001/XMLSchema-instance"
    xsi:schemaLocation="http://www.loc.gov/MARC21/slim http://www.loc.gov/standards/marcxml/schema/MARC21slim.xsd"
    xmlns="http://www.loc.gov/MARC21/slim">

  <leader>02276njm a2200409Ia 4500</leader>
  <controlfield tag="001">E7733</controlfield>
  <controlfield tag="003">IT-RoPAU</controlfield>
  <controlfield tag="005">20220918181115.0</controlfield>
  <controlfield tag="008">131025s9999    xx            000 0 und d</controlfield>
  <datafield tag="040" ind1=" " ind2=" ">
    <subfield code="a">IT-RoPAU</subfield>
  </datafield>
  <datafield tag="040" ind1=" " ind2=" ">
    <subfield code="c">IT-RoPAU</subfield>
  </datafield>
  <datafield tag="041" ind1=" " ind2=" ">
    <subfield code="a">ITALIANA</subfield>
  </datafield>
  <datafield tag="999" ind1=" " ind2=" ">
    <subfield code="c">99294</subfield>
    <subfield code="d">99294</subfield>
  </datafield>
  <datafield tag="999" ind1=" " ind2=" ">
    <subfield code="b">n.d.</subfield>
  </datafield>
  <datafield tag="100" ind1=" " ind2=" ">
    <subfield code="a">AA.VV.</subfield>
    <subfield code="9">794</subfield>
  </datafield>
  <datafield tag="100" ind1=" " ind2=" ">
    <subfield code="e">Autore musica</subfield>
    <subfield code="9">31946</subfield>
  </datafield>
  <datafield tag="100" ind1=" " ind2=" ">
    <subfield code="g">Codice autore musica SPICS: 12000</subfield>
    <subfield code="9">796</subfield>
  </datafield>
  <datafield tag="245" ind1=" " ind2=" ">
    <subfield code="a">Belle speranze</subfield>
  </datafield>
  <datafield tag="250" ind1=" " ind2=" ">
    <subfield code="a">1a ed.</subfield>
  </datafield>
  <datafield tag="260" ind1=" " ind2=" ">
    <subfield code="a"> ITALIA</subfield>
  </datafield>
  <datafield tag="260" ind1=" " ind2=" ">
    <subfield code="b">HARPO </subfield>
    <subfield code="c">1997 [1a Ed.:1997 - Ed. Lingua Orig.: 1997]</subfield>
  </datafield>
  <datafield tag="300" ind1=" " ind2=" ">
    <subfield code="a">COMPACT DISC</subfield>
  </datafield>
  <datafield tag="300" ind1=" " ind2=" ">
    <subfield code="c">42 minuti (Testo:  pag.)</subfield>
  </datafield>
  <datafield tag="500" ind1=" " ind2=" ">
    <subfield code="a">Musica leggera. Canzone italiana. Testi delle canzoni.</subfield>
  </datafield>
  <datafield tag="505" ind1=" " ind2=" ">
    <subfield code="a">Belle speranze (5:00) - Non sono un cantautore (5:00) - Apri la bocca [(E fai fuoco) (4:00)] - Il fiume e la nebbia (5:00) - Al fratello che non ho (4:00) - Nati ieri (5:00) - Il miracolo  (5:00) - Caterina e il coraggio (6:00) - E' comunque Natale (3:00) - Un aeroplano a vela (4:00)</subfield>
  </datafield>
  <datafield tag="650" ind1=" " ind2=" ">
    <subfield code="a">CANZONE ITALIAN [COMPACT DISC]</subfield>
    <subfield code="e">Codice MATERIA SPICS: 9949</subfield>
    <subfield code="9">21937</subfield>
  </datafield>
  <datafield tag="700" ind1=" " ind2=" ">
    <subfield code="a">Mannoia Fiorella</subfield>
    <subfield code="g">Codice interprete SPICS: 14287</subfield>
    <subfield code="e">Interprete</subfield>
    <subfield code="9">31947</subfield>
  </datafield>
  <datafield tag="700" ind1=" " ind2=" ">
    <subfield code="a">Fabrizi Piero</subfield>
    <subfield code="g">Codice autore testo/musica SPICS: 23584</subfield>
    <subfield code="e">Autore testo/musica</subfield>
    <subfield code="p">Belle speranze - Non sono un cantautore - Nati ieri - Caterina e il coraggio - E' comunque Natale</subfield>
    <subfield code="9">31948</subfield>
  </datafield>
  <datafield tag="700" ind1=" " ind2=" ">
    <subfield code="a">Gemma L.</subfield>
    <subfield code="g">Codice autore musica SPICS: 49680</subfield>
    <subfield code="e">Autore musica</subfield>
    <subfield code="p">Apri la bocca (E fai fuoco)</subfield>
    <subfield code="9">31949</subfield>
  </datafield>
  <datafield tag="700" ind1=" " ind2=" ">
    <subfield code="a">De Crescenzo Luciano</subfield>
    <subfield code="g">Codice autore testo/musica SPICS: 22985</subfield>
    <subfield code="e">Autore testo/musica</subfield>
    <subfield code="p">Apri la bocca (E fai fuoco)</subfield>
    <subfield code="9">31950</subfield>
  </datafield>
  <datafield tag="700" ind1=" " ind2=" ">
    <subfield code="a">Silvestri Daniele</subfield>
    <subfield code="g">Codice autore testo/musica SPICS: 43224</subfield>
    <subfield code="e">Autore testo/musica</subfield>
    <subfield code="p">Il fiume e la nebbia - Al fratello che non ho</subfield>
    <subfield code="9">31951</subfield>
  </datafield>
  <datafield tag="700" ind1=" " ind2=" ">
    <subfield code="a">D'Argenio P.</subfield>
    <subfield code="g">Codice autore musica SPICS: 49681</subfield>
    <subfield code="e">Autore musica</subfield>
    <subfield code="p">Il miracolo</subfield>
    <subfield code="9">31952</subfield>
  </datafield>
  <datafield tag="700" ind1=" " ind2=" ">
    <subfield code="a">Mesolella F.</subfield>
    <subfield code="g">Codice autore SPICS: 49682</subfield>
    <subfield code="e">Autore</subfield>
    <subfield code="p">Il miracolo</subfield>
    <subfield code="9">31953</subfield>
  </datafield>
  <datafield tag="700" ind1=" " ind2=" ">
    <subfield code="a">Tronco M.</subfield>
    <subfield code="g">Codice autore testo/musica SPICS: 49683</subfield>
    <subfield code="e">Autore testo/musica</subfield>
    <subfield code="p">Il miracolo</subfield>
    <subfield code="9">31954</subfield>
  </datafield>
  <datafield tag="700" ind1=" " ind2=" ">
    <subfield code="a">Testa G.</subfield>
    <subfield code="g">Codice autore musica SPICS: 49684</subfield>
    <subfield code="e">Autore musica</subfield>
    <subfield code="p">Un aeroplano a vela</subfield>
    <subfield code="9">31955</subfield>
  </datafield>
  <datafield tag="700" ind1=" " ind2=" ">
    <subfield code="a">Ponzo P.R.</subfield>
    <subfield code="g">Codice autore testo/musica SPICS: 49685</subfield>
    <subfield code="e">Autore testo/musica</subfield>
    <subfield code="p">Un aeroplano a vela</subfield>
    <subfield code="9">31956</subfield>
  </datafield>
  <datafield tag="942" ind1=" " ind2=" ">
    <subfield code="c">CD</subfield>
    <subfield code="2">ddc</subfield>
  </datafield>
  <datafield tag="952" ind1=" " ind2=" ">
    <subfield code="0">0</subfield>
    <subfield code="1">0</subfield>
    <subfield code="4">0</subfield>
    <subfield code="6">E_7733_000000000000000</subfield>
    <subfield code="7">1</subfield>
    <subfield code="a">SPICS</subfield>
    <subfield code="b">SPICS</subfield>
    <subfield code="d">2013-10-25</subfield>
    <subfield code="l">0</subfield>
    <subfield code="o">E7733</subfield>
    <subfield code="r">2013-10-25 00:00:00</subfield>
    <subfield code="w">2013-10-25</subfield>
    <subfield code="y">CD</subfield>
    <subfield code="z">Progr. Ins.: 2798 / N.Vol.: 1 / Copie: 1 - Copia rara: n.d. / date import: 01.01.2014 - By Epidotti, Trombetti, Vaglietti</subfield>
  </datafield>
</record>
